Economic implications for Europe of a potential reintegration of Iran into the world economy (Record no. 9157)

MARC details
000 -LEADER
fixed length control field 02925nam a22004457u 4500
001 - CONTROL NUMBER
control field pwiiw7526
003 - CONTROL NUMBER IDENTIFIER
control field OSt
005 - DATE AND TIME OF LATEST TRANSACTION
control field 20260516120019.0
008 - FIXED-LENGTH DATA ELEMENTS--GENERAL INFORMATION
fixed length control field 260220t2026 au ||||| |||| 00| ||eng d
040 ## - CATALOGING SOURCE
Transcribing agency OSt
041 ## - LANGUAGE CODE
Language code of text/sound track or separate title eng
084 ## - OTHER CLASSIFICATION NUMBER
Classification number F13
-- F15
-- F51
-- Q41
-- Q48
-- O53
Number source jelc
100 1# - MAIN ENTRY--PERSONAL NAME
Personal name Felbermayr, Gabriel
245 10 - TITLE STATEMENT
Title Economic implications for Europe of a potential reintegration of Iran into the world economy
260 ## - PUBLICATION, DISTRIBUTION, ETC.
Place of publication, distribution, etc. Wien :
Name of publisher, distributor, etc. Wiener Institut für Internationale Wirtschaftsvergleiche (wiiw),
Date of publication, distribution, etc. 2026.
300 ## - PHYSICAL DESCRIPTION
Extent 72 S.,
Other physical details 7 Tables and 20 Figures,
Dimensions 30cm.
490 1# - SERIES STATEMENT
Series statement wiiw Research Reports
Volume/sequential designation 481
520 ## - SUMMARY, ETC.
Summary, etc. How would fundamental political change in Iran, leading to a democratic system with a free and rules-based economic order, affect Germany and the EU economically? In the event of change, sanctions could be scaled back, allowing Iran to rejoin the global economy. This study quantifies the economic effects of such a transformation. It neither advocates for nor legitimises the lifting or easing of sanctions under the current regime or without far-reaching and credible reforms that fully address the concerns underlying the sanctions currently in place.<br/><br/>Using the newest available data and quantitative methods, the results indicate that lifting EU sanctions alone could raise Iran’s real GDP by more than 80% in the long run while generating moderate but economically meaningful gains for Germany and the EU of around 0.3-0.4% of GDP. These gains are driven by expanded trade, lower energy and input prices, and improved allocative efficiency. When sanctions removal is combined with plausible scenarios of productivity catch-up with Turkey or South Korea, Iran’s GDP would increase by 240-388% and the gains for Europe would increase further, underscoring the strong complementarity between trade integration and productivity growth. Moreover, Iran’s reintegration would reduce energy price volatility, improve the security of maritime trade routes, and lower migration pressures.<br/><br/>Overall, the findings suggest that a negotiated transition and rules-based reintegration of Iran would generate substantial mutual economic benefits while contributing to regional and global stability.<br/>
650 ## - SUBJECT ADDED ENTRY--TOPICAL TERM
Topical term or geographic name entry element Iran
650 ## - SUBJECT ADDED ENTRY--TOPICAL TERM
Topical term or geographic name entry element economic sanctions
650 ## - SUBJECT ADDED ENTRY--TOPICAL TERM
Topical term or geographic name entry element regime transition
650 ## - SUBJECT ADDED ENTRY--TOPICAL TERM
Topical term or geographic name entry element trade integration
650 ## - SUBJECT ADDED ENTRY--TOPICAL TERM
Topical term or geographic name entry element energy markets
650 ## - SUBJECT ADDED ENTRY--TOPICAL TERM
Topical term or geographic name entry element oil and gas prices
650 ## - SUBJECT ADDED ENTRY--TOPICAL TERM
Topical term or geographic name entry element foreign direct investment
650 ## - SUBJECT ADDED ENTRY--TOPICAL TERM
Topical term or geographic name entry element European Union
650 ## - SUBJECT ADDED ENTRY--TOPICAL TERM
Topical term or geographic name entry element inflation
650 ## - SUBJECT ADDED ENTRY--TOPICAL TERM
Topical term or geographic name entry element political economy
651 ## - SUBJECT ADDED ENTRY--GEOGRAPHIC NAME
Geographic name European Union
651 ## - SUBJECT ADDED ENTRY--GEOGRAPHIC NAME
Geographic name Germany
651 ## - SUBJECT ADDED ENTRY--GEOGRAPHIC NAME
Geographic name Iran
690 ## - LOCAL SUBJECT ADDED ENTRY--TOPICAL TERM (OCLC, RLIN)
Topical term or geographic name as entry element International Trade, Competitiveness and FDI
700 1# - ADDED ENTRY--PERSONAL NAME
Personal name Ghodsi, Mahdi
700 1# - ADDED ENTRY--PERSONAL NAME
Personal name Stehrer, Robert
9 (RLIN) 5
700 1# - ADDED ENTRY--PERSONAL NAME
Personal name Yotov, Yoto V.
700 1# - ADDED ENTRY--PERSONAL NAME
Personal name Kariem, Heider
830 #0 - SERIES ADDED ENTRY--UNIFORM TITLE
Volume/sequential designation 481
Bibliographic record control number WIIW0000048
Title of a work wiiw Research Reports
856 40 - ELECTRONIC LOCATION AND ACCESS
Uniform Resource Identifier <a href="https://wiiw.ac.at/p-7526.html">https://wiiw.ac.at/p-7526.html</a>
942 ## - ADDED ENTRY ELEMENTS (KOHA)
Koha item type Paper
Holdings
Withdrawn status Lost status Damaged status Not for loan Home library Current library Shelving location Date acquired Inventory number Total Checkouts Full call number Barcode Date last seen Price effective from Koha item type
        WIIW WIIW Library 02/20/2026 pwiiw7526   5.600/481 1000010007526 02/20/2026 02/20/2026 Paper
The Vienna Instiute for International Economic Studies (wiiw)